000
00248nam a2200109Ia 4500
008
240625s9999 xx 000 0 und d
041
_a
eng
082
_a
332.6457 PRI
100
_a
PRING MARTIN J
245
_a
BREAKING THE BLACK BOX
260
_c
2008
999
_c
34870
_d
34870